<?xml version="1.0" encoding="UTF-8"?>
<record
    xmlns:xsi="http://www.w3.org/2001/XMLSchema-instance"
    xsi:schemaLocation="http://www.loc.gov/MARC21/slim http://www.loc.gov/standards/marcxml/schema/MARC21slim.xsd"
    xmlns="http://www.loc.gov/MARC21/slim">

  <leader>00699cam a22002171  4500</leader>
  <controlfield tag="001">ne 64001395 </controlfield>
  <controlfield tag="003">DLC</controlfield>
  <controlfield tag="005">20260227111800.0</controlfield>
  <controlfield tag="008">840112s1963    ua       b    000 0 ararc</controlfield>
  <datafield tag="010" ind1=" " ind2=" ">
    <subfield code="a">ne 64001395 </subfield>
  </datafield>
  <datafield tag="035" ind1=" " ind2=" ">
    <subfield code="a">(OCoLC)10294183</subfield>
  </datafield>
  <datafield tag="040" ind1=" " ind2=" ">
    <subfield code="a">Princeton Univ. Libr.</subfield>
    <subfield code="c">TxU</subfield>
    <subfield code="d">TxU</subfield>
    <subfield code="d">DLC</subfield>
  </datafield>
  <datafield tag="042" ind1=" " ind2=" ">
    <subfield code="a">premarc</subfield>
  </datafield>
  <datafield tag="050" ind1="0" ind2="0">
    <subfield code="a">HN15</subfield>
    <subfield code="b">.K45</subfield>
  </datafield>
  <datafield tag="100" ind1="1" ind2=" ">
    <subfield code="a">Khashsh&#x101;b, A&#x1E25;mad.</subfield>
  </datafield>
  <datafield tag="245" ind1="1" ind2="3">
    <subfield code="a">al-Irsh&#x101;d al-ijtim&#x101;&#x2BB;&#x12B;,</subfield>
    <subfield code="b">al-usus al-na&#x1E93;ar&#x12B;yah wa-al-ta&#x1E6D;b&#x12B;q&#x101;t al-&#x2BB;amal&#x12B;yah.</subfield>
    <subfield code="c">[ta&#x2BC;l&#x12B;f] A&#x1E25;mad al-Khashsh&#x101;b.</subfield>
  </datafield>
  <datafield tag="260" ind1=" " ind2=" ">
    <subfield code="a">al-Q&#x101;hirah,</subfield>
    <subfield code="b">Maktabat al-Q&#x101;hirah al-&#x1E24;ad&#x12B;thah</subfield>
    <subfield code="c">[1963?]</subfield>
  </datafield>
  <datafield tag="300" ind1=" " ind2=" ">
    <subfield code="a">435 p.</subfield>
    <subfield code="c">24 cm.</subfield>
  </datafield>
  <datafield tag="504" ind1=" " ind2=" ">
    <subfield code="a">Bibliography: p. [417]-418.</subfield>
  </datafield>
  <datafield tag="650" ind1=" " ind2="0">
    <subfield code="a">Social policy.</subfield>
  </datafield>
  <datafield tag="999" ind1=" " ind2=" ">
    <subfield code="c">47076</subfield>
    <subfield code="d">47076</subfield>
  </datafield>
</record>
